Statistiques concernant Qui est-ce ?

Cliquez ici pour prendre le quiz!

Statistiques générales

  • Ce quiz a été pris 65 fois
  • Le résultat moyen est 5 sur 9

Statistiques - réponses

QuestionRéponse% Correct
Qui est Will Smith ?Acteur
100%
Qui est Antoine Griezmann ?Footballeur
97%
Qui est Kim Jong-un ?Dictateur
93%
Qui est Adriana Lima ?Mannequin
71%
Qui est Inna Bauer ?Patineuse
43%
Qui est Pia Alonzo Wurtzbach ?Miss Univers
36%
Qui est Jennie KimChanteuse
34%
Qui est Prisca ThevenotMinistre
33%
Qui est Jean Casimir-Perier ?Président
26%

Distribution des résultats

Percentile par nombre de réponses

% des personnes avec chaque résultat

Votre développement - résultats

Vous n’avez pas pris ce quiz